000 00477nam a2200181Ia 4500
005 20250326143148.0
008 250326s9999 xx 000 0 und d
037 _aTextbook
040 _aFMSL
_beng
_cFMSL
041 _aeng
_2eng
084 _aX61.1 M3
_qFMSL
100 _aMoffitt M
_9747270
245 0 _aWorld's Money
_cMoffitt M
260 _aLondon
_bLondon, Michael Joseph
_c1984
300 _a284p
942 _cTB
_hX61.1 M3
999 _c1298388
_d1298388